000 00549nam a22001697a 4500
008 160912b xxu||||| |||| 00| 0 eng d
020 _a0130208884
082 _22000
_aDC 320.509
_bB23
100 _914530
_aLeon P. Baradat
245 _aPolitical ideologies:
_btheir origins and impact/
_cLeon P. Baradat.
260 _aNew Jersey:
_bPrentice Hall,
_cc2000.
300 _axiv, 338 pages:
_billustrations;
_c23 cm.
500 _aIncludes glossary and index.
650 0 _914531
_aPolitical science
_vHistory
365 _aPhp
_b2415.00
942 _2ddc
_cDC
999 _c4511
_d4511